Bảo mật lập trình mạng trong Java 2

Guardado en:
Detalles Bibliográficos
Formato: Libro
Lenguaje:Vietnamese
Publicado: TP Hồ chí Minh 2005
Materias:
Etiquetas: Agregar Etiqueta
Sin Etiquetas, Sea el primero en etiquetar este registro!
Thư viện lưu trữ: Mạng thư viện Đại học Đà Nẵng
LEADER 01034nam a2200301 a 4500
001 000001712
003 02665
005 20171229145311.0
008 171229s2005 vie
040 |a LSK 
041 0 |a VIE 
082 0 |a 005.8  |b PH-B 
245 0 0 |a Bảo mật lập trình mạng trong Java 2  |c Phạm Thế Bảo chủ biên; Phương Lan hiệu đính 
260 |b TP Hồ chí Minh  |c 2005 
300 |a 688 pages  |c 24 cm. 
653 |a Tin học - Bảo mật lập trình mạng 
852 |a Phòng Đọc - Phòng Mượn 
901 |a 10 
927 |a Sách chuyên khảo 
OWN |a LSK 
AVA |a UDN50  |b LSK  |d 005.8 PH-B  |e available  |t Error 5001 Not defined in file expand_doc_bib_avail.  |f 10  |g 0  |h N  |i 0  |k 1 
999 |a From the UDN01 
AVA |a UDN50  |b LSK  |d 005.8 PH-B  |e available  |t Error 5001 Not defined in file expand_doc_bib_avail.  |f 10  |g 0  |h N  |i 0  |k 1 
TYP |a Monograph 
TYP |a Printed language 
980 |a Mạng thư viện Đại học Đà Nẵng